000 01113nam0a22003011 4500
001 rc\3695721
005 20130115152210.7
021 _aRU
_b[70-73816]
035 _a(NLR Aleph) 007851722
090 _a7781578
_c7781578
100 _a20130115d1970 |||y0rusy50 ca
101 0 _arus
102 _aRU
105 _aa z |||a|
200 1 _aДорога уходит в горы
_eРассказ о творческом пути
_f[Лит. запись Л. Киямовой]
210 _aМосква
_cБюро пропаганды советского киноискусства
_d1970
215 _a54 с.
_cил.
_d21
225 1 _aБиблиотека кинозрителя и кинолюбителя
606 _aКино в Таджикской ССР
_2psbo
606 _aАктерское искусство
_2psbo
606 _aКинорежиссура
_2psbo
700 1 _aКимягаров
_bБ. А.
_gБорис Алексеевич
702 1 _aКиямова
_bЛ.
_4570
801 0 _aRU
_bNLR
_gpsbo
801 1 _aRU
_bELAR
_2rusmarc
852 _aNLR
_j70-6/7384
942 _cBOOK
980 _aNB